Quyền con người trong hiến pháp năm 2013 : Quan điểm mới, cách tiếp cận mới và các quy định mới : Sách chuyên khảo /

Wedi'i Gadw mewn:
Manylion Llyfryddiaeth
Awduron Eraill: Đinh Tiến Dũng, ThS., Dương Đăng Huệ, PGS.TS., Hà Đình Bốn, ThS., Nguyễn Đăng Dung, GS.TS., Nguyễn Tất Viễn, PGS.TS., Nguyễn Tiến Sơn, TS., Nguyễn Văn Hiển, TS. (chủ biên.), Nguyễn Văn Hoàn., Phạm Hữu Nghị, PGS.TS., Trần Ngọc Đường, GS.TS.
Fformat: Sách giấy
Iaith:Vietnamese
Cyhoeddwyd: H. : Chính trị Quốc gia - Sự thật, 2014.
Pynciau:
Tagiau: Ychwanegu Tag
Dim Tagiau, Byddwch y cyntaf i dagio'r cofnod hwn!
Thư viện lưu trữ: Thư viện Trường Đại học Đà Lạt
LEADER 01310nam a2200421 4500
001 DLU170180457
005 ##20170810
020 # # |a 9786045710241 
040 # # |a DLU  |b vie 
041 # # |a vie 
044 # # |a vn 
082 # # |a 323.095 97  |b Quy 
245 # # |a Quyền con người trong hiến pháp năm 2013 :  |b Quan điểm mới, cách tiếp cận mới và các quy định mới : Sách chuyên khảo /  |c Nguyễn Văn Hiển chủ biên, ...[et al.] 
260 # # |a H. :  |b Chính trị Quốc gia - Sự thật,  |c 2014. 
300 # # |a 218tr. ;  |c 21cm. 
650 # # |a Quyền con người  |z Việt Nam. 
700 # # |a Đinh Tiến Dũng,  |c ThS. 
700 # # |a Dương Đăng Huệ,  |c PGS.TS. 
700 # # |a Hà Đình Bốn,  |c ThS. 
700 # # |a Nguyễn Đăng Dung,  |c GS.TS. 
700 # # |a Nguyễn Tất Viễn,  |c PGS.TS. 
700 # # |a Nguyễn Tiến Sơn,  |c TS. 
700 # # |a Nguyễn Văn Hiển,  |c TS.  |e chủ biên. 
700 # # |a Nguyễn Văn Hoàn. 
700 # # |a Phạm Hữu Nghị,  |c PGS.TS. 
700 # # |a Trần Ngọc Đường,  |c GS.TS. 
923 # # |a 05/2016 
991 # # |a SH 
992 # # |a 39000 
994 # # |a DLU 
900 # # |a True 
911 # # |a Nguyễn Thanh Hương 
925 # # |a G 
926 # # |a A 
927 # # |a SH 
980 # # |a Thư viện Trường Đại học Đà Lạt